00446nam a2200157Ia 4500020000900000082001800009100001800027245004300045260003400088300001500122504003300137650004400170650001800214650003300232700002300265 a649a a363.741 GAN-; aGanguli, H.C. 0aHuman factor aspects of aircraft noise aDelhibVikas Publishingc1971 axiv, 174p. aIncludes index, bibliography aAirplanes - Noise - Law and legislation aNoise control aNoise - Physiological effect aRao, M.S. Prakash